00345nam a2200133 4500001000500000005001700005010001700022100003900039245002800078260005100106300001100157651003000168999001300198133320181127163121.0 a62-007323 /L1 aRuark, Robert Chester,d1915-1965.10aUhuru /c Robert Ruark. aGreenwich, CT :bFawcett Publications, c1964. a670 p. aAfrica vFiction.xyz2 c966d966